000 01026nam a22002177a 4500
003 OSt
005 20260312082047.0
008 260312b |||||||| |||| 00| 0 eng d
020 _a0-06-447110-1
040 _aDWCL GS lib
_cOC
082 _aL585m 1983
100 _aLEWIS, C.S.
245 _aThe magician's nephew
_cC.S. LEWIS
260 _aNew York
_bHarper Trophy
_c1983
300 _a221 p
_c17cm
520 _aTwo children, Digory and Polly, use magical rings from Digory's Uncle Andrew to travel between worlds, accidentally unleashing the evil witch Jadis. They witness the creation of Narnia by the lion Aslan, ultimately planting a magical tree to protect the new land.
650 _a It follows two children, Digory Kirke and Polly Plummer, who are tricked by Digory's uncle, Andrew Ketterley, into using magical rings to travel to other worlds.
650 _atrue maturity involves choosing obedience, responsibility, and self-sacrifice over selfish temptation
700 _aC.S. LEWIS
942 _2ddc
_cFIC.
_n0
999 _c9059
_d9059